00631 2200169 4500245012300000020002200123250001100145700001700156650002800173005001900201260003300220041001400253084001000267500014500277490003000422336000900452 aEnsiklopedia Matematika Volume 7 b : Kuadrat dan Akar Kuadrat Suatu Bilangan, Teorema PhytagorascA. IsmunamtohText a978-602-9083-00-2 aCet. 2 aA. Ismunamto aEnsiklopedia Matematika a20231124103820 aJakartabLENTERA ABADIc2011 aIndonesia a510.3 aDaftar isi: Kuadrat dan Akar kuadrat suatu bilangan (kuadrat suatu bilangan, sksr kuadrat suatu bilangan, nilai akar kuadrat suatu bilangan) aEnsiklopedia Matematika 7 atext